| 000 | nam a22 a 4500 | ||
|---|---|---|---|
| 999 |
_c4464 _d4464 |
||
| 003 | AKMAL | ||
| 005 | 20170530105347.0 | ||
| 008 | 170530s2010 my | e l 000 0 may d | ||
| 020 |
_a9789678917803 (kkt.) : _cRM17.50 |
||
| 040 | _cAKMAL | ||
| 082 | 0 | 4 |
_a346.595048 MAL _222 |
| 090 | 0 | 0 |
_a346.595048 _bMAL |
| 100 | 1 |
_aMalaysia _9417 |
|
| 245 | 1 | 0 |
_aAkta Hakcipta 1987 (Akta 332) & Peraturan-peraturan & Perintah-perintah (hingga 15hb Jun 2010) / _cdisusun oleh Lembaga Penyelidikan Undang-Undang |
| 260 |
_aPetaling Jaya : _bInternational Law Book Services, _c2010 |
||
| 300 |
_a139ms. ; _c24cm. |
||
| 440 | 0 |
_aUNDANG-UNDANG MALAYSIA _98651 |
|
| 650 | 2 | 0 |
_aCopyright infringement _zMalaysia _98472 |
| 650 | 1 | 0 |
_aCopyright _zMalaysia _98471 |
| 710 | 2 |
_aLembaga Penyelidikan Undang-Undang _98652 |
|
| 942 |
_2ddc _cBOOK |
||